000 004890000a22001690004500
041 0 _aENG
082 0 4 _aG 361.61 F932m
100 1 _aFromm, Erich (1900-1980)
245 1 0 _aMay man prevail? An inquiry into the facts and fictions of foreign policy / Erich Fromm
260 _aGarden City, N.Y., USA : Anchor
300 _aXVIII, 252 Pag
001 9759
942 _cBK
999 _c39613
_d39613
336 _atexto
_btxt
_2rdacontent
337 _2rdamedia
_asin mediación
_bn
338 _2rdacarrier
_avolumen
_bnc